Statistics for Star Wars Galaxy of Heroes Hero Quiz

Click here to take the quiz!

General Stats

  • This quiz has been taken 232 times
    (119 since last reset)
  • The average score is 93 of 225

Answer Stats

CharacterDescriptionAlignmentClassAffiliationRole% Correct
Commander Luke SkywalkerDetermined Rebel hero who can ignore debuffs or ignore Taunts.Light SideAttackerRebel / Unaligned Force UserLeader
91%
Luke Skywalker (Farmboy)Attacker that can boost his own Critical Rate, then disable enemies with Critical Hits.Light SideAttackerRebelLeader
91%
C-3POEvasive support character that Confuses foes and strengthens mixed-faction interplay with Translation.Light SideSupportDroid / Galactic Republic / Rebel / ResistanceN.A.
87%
Jedi Knight Luke SkywalkerStalwart Jedi hero of legend who ascends to victorious heights alongside his Jedi allies through the will of the Force.Light SideAttackerJediLeader
87%
Jedi Master Luke SkywalkerThe wizened Jedi master of legend who empowers his Jedi allies with the knowledge and skills he has obtained.Light SideTankJediGalactic Legend / Leader
87%
Darth VaderFearsome Attacker that applies AoE Damage Over Time, and crushes debuffed targets for extra turns.Dark SideAttackerEmpire / SithLeader
86%
R2-D2Versatile Support Droid that inflicts Burning and grants allies Stealth.Light SideSupportDroid / Galactic Republic / Rebel / ResistanceN/A
86%
Captain Han SoloDaring Rebel Support that risks himself to Revive allies and Daze enemies.Light SideSupportRebel / ScoundrelN.A.
84%
General KenobiVigorous Jedi Tank who gains Foresight, dispels debuffs to grant buffs, and calls buffed allies to Assist.Light SideTankGalactic Republic / JediFleet Commander / Leader
84%
Obi-Wan Kenobi (Old Ben)Durable Jedi Tank able to shut down enemy offense with multiple debuffs.Light SideTankJedi / RebelLeader
82%
Han SoloDaring Attacker that stacks Criticals in his favor and always shoots first.Light SideAttackerRebel / Scoundrel / SmugglerN.A.
81%
Veteran Smuggler Han SoloScoundrel Attacker with multi-attack and multiple devastating debuffs.Light SideAttackerScoundrel / SmugglerN/A
81%
Young Han SoloScoundrel Attacker who becomes more deadly over time.Light SideAttackerScoundrel / SmugglerN/A
81%
Princess LeiaWell-rounded Rebel Attacker with extra attacks, Stealth, and team Critical bonuses.Light SideAttackerRebelLeader
78%
Boba FettRuthless Bounty Hunter Attacker who ignores Taunts, Ability Blocks and self-revives.Dark SideAttackerBounty Hunter / ScoundrelLeader
77%
CT-7567 "Rex"Clone Leader who fiercely supports and protects his 501st and Clone Trooper allies.Light SideSupport501st / Clone Trooper / Galactic RepublicLeader
77%
General SkywalkerFierce Jedi Attacker who protects his battalion at all costs.Light SideAttacker501st / Galactic Republic / JediLeader
77%
Jedi Knight AnakinHigh-pressure Jedi attacker that punishes enemies for wounding his allies.Light SideAttackerGalactic Republic / JediLeader
77%
Grand Master YodaMasterful Jedi support that can replicate enemy buffs and share them with allies.Light SideSupportGalactic Republic / JediLeader
75%
Hermit YodaJedi recluse who imparts sage wisdom in the ways of the Force.Light SideSupportJediN.A.
75%
Rebel Officer Leia OrganaTenacious Rebel Attacker that counters debuffs and is more effective against healthy targets.Light SideAttackerRebelLeader
75%
Threepio & ChewieRebel Attacker duo that can distract their enemies with Blind and deal significant damage to all enemies in multi-encounter battles.Light SideAttackerDroid / RebelN/A
75%
Stormtrooper HanVersatile tank able to surprise enemies with sudden Turn Meter changes and Offense boosts.Light SideTankRebel / ScoundrelLeader
74%
Ahsoka TanoVersatile Attacker who constantly assists while healing and dispelling.Light SideAttacker501st / Galactic Republic / JediLeader
73%
Ahsoka Tano (Fulcrum)Enduring Rebel Attacker who shrugs off debuffs and consumes buffs to deal extra damage.Light SideAttackerRebel / Unaligned Force UserN.A.
73%
BB-8Persistent Resistance Droid who empowers allies by circulating Secret Intel.Light SideSupportDroid / ResistanceN.A.
71%
Count DookuDisciplined Separatist Attacker with high damage, counter attacks, and debuff capabilities.Dark SideAttackerSeparatist / SithN.A.
71%
Sith Eternal EmperorCunning Emperor of the Sith that eliminates his enemies with the overwhelming power of the dark side.Dark SideAttackerSithGalactic Legend / Leader
71%
Jango FettNotorious Bounty Hunter that exploits debuffed foes and inflicts Burning.Dark SideAttackerBounty Hunter / Mandalorian / Scoundrel / SeparatistLeader
70%
ReyResistance Leader who safeguards her allies by providing powerful shields and delivering high damage.Light SideAttackerResistance / Unaligned Force UserGalactic Legend / Leader
69%
Rey (Scavenger)Risky Attacker that has high damage and evasion, but is vulnerable to debuffs.Light SideAttackerResistance / Unaligned Force UserN/A
69%
Admiral AckbarRebel Support that can Dispel debuffs and grant allies extra turns.Light SideSupportRebelFleet Commander / Leader
68%
CC-2224 "Cody"Clone Attacker that Stuns and calls tons of Assists.Light SideAttackerClone Trooper / Galactic RepublicLeader
68%
CT-21-0408 "Echo"Clone Trooper Support that automatically assists allies and can dispel all enemy buffs.Light SideSupport501st / Clone Trooper / Galactic RepublicN.A.
68%
EchoLoyal Clone Trooper who supports his allies in battle.Light SideSupportBad Batch / Clone Trooper / Galactic RepublicN/A
66%
General GrievousAggressive Attacker that grows increasingly stronger as the Droids around him fall. Although he hates being called a droid, he counts as one in combat.Dark SideAttackerDroid / SeparatistFleet Commander / Leader
66%
Kylo RenVersatile First Order attacker that can reuse special attacks when damaged.Dark SideAttackerFirst Order / Unaligned Force UserN/A
66%
Kylo Ren (Unmasked)Tough First Order Tank with a powerful Stun.Dark SideTankFirst Order / Unaligned Force UserLeader
66%
Rey (Jedi Training)Resilient Resistance Tank who avenges debuffed allies and controls the battlefield.Light SideTankResistance / Unaligned Force UserLeader
66%
Supreme Leader Kylo RenDestructive Leader of the First Order who overpowers his enemies with brutal attacks.Dark SideAttackerFirst Order / Unaligned Force UserGalactic Legend / Leader
66%
BosskBounty Hunter Tank that constantly regenerates Health and Protection.Dark SideTankBounty Hunter / ScoundrelLeader
65%
Mace WinduAggressive Jedi tank with devastating damage if left unchecked.Light SideTankGalactic Republic / JediFleet Commander / Leader
65%
Darth MaulDeadly Attacker that gains power and extra turns as enemies are defeated.Dark SideAttackerSithLeader
64%
Asajj VentressNightsister controller with healing who generates attack power as characters are defeated.Dark SideSupportNightsister / Separatist / Unaligned Force UserLeader
62%
Lando CalrissianScoundrel leader with high offense and excellent Critical Hit synergy.Light SideAttackerRebel / ScoundrelLeader
62%
Young Lando CalrissianScoundrel Attacker that takes advantage of debuffed enemies and deals ever-increasing damage.Light SideAttackerScoundrel / SmugglerN/A
62%
FinnResistance tank that keeps the pressure up with a balance between offense and defense.Light SideTankResistanceLeader
61%
General HuxRuthless First Order Support that can prevent enemies from counterattacking.Dark SideSupportFirst OrderLeader
61%
Grand Moff TarkinOffensive Empire Support with crushing AoE debuffs.Dark SideSupportEmpireFleet Commander / Leader
61%
Resistance Hero FinnSupportive Attacker whose inspiration empowers his allies on the battlefield.Light SideAttackerResistanceN/A
61%
TechStealthy support character that gives Translation to other Clone Troopers and applies Target Lock to enemies.Light SideSupportBad Batch / Clone Trooper / Galactic RepublicN/A
61%
B1 Battle DroidFragile Separatist Attacker that overwhelms their enemies with numbers.Dark SideAttackerDroid / SeparatistN.A.
60%
ChewbaccaMighty Rebel Attacker who Guards the weakest ally.Light SideAttackerRebel / Scoundrel / SmugglerN.A.
60%
Emperor PalpatineOverwhelming Sith Support who inflicts Shock and can Stun targets for multiple turns.Dark SideSupportEmpire / SithLeader
60%
Vandor ChewbaccaAggressive Scoundrel Tank that provides Protection Recovery for his allies when they are attacked.Light SideTankScoundrel / SmugglerN/A
60%
CT-5555 "Fives"Tank with high Defense, enemy Speed reduction, and team-wide stat bonuses.Light SideTank501st / Clone Trooper / Galactic RepublicLeader
58%
Poe DameronResistance Tank with a Taunt that inflicts Expose for big reversals.Light SideTankResistanceLeader
58%
Veteran Smuggler ChewbaccaLumbering attacker who accumulates Offensive capabilities as enemies take actions.Light SideAttackerScoundrel / SmugglerN/A
58%
WreckerResilient Clone Trooper who protects his allies and gets empowered when taking damage.Light SideTankBad Batch / Clone Trooper / Galactic RepublicN/A
58%
Darth RevanRuthless Sith Lord that is extremely effective at taking down the enemy leader.Dark SideAttackerSith / Sith EmpireLeader
57%
Ezra BridgerVersatile Phoenix Attacker that can perform a variety of effects based on the Roles of allies.Light SideAttackerJedi / Phoenix / RebelN.A.
57%
HunterTactical leader of the Bad Batch who subtly destroys his enemies.Light SideAttackerBad Batch / Clone Trooper / Galactic RepublicLeader
57%
Kanan JarrusDurable Phoenix Tank that keeps enemy Offense crippled and allies healthy.Light SideTankJedi / Phoenix / RebelN/A
57%
Resistance Hero PoeOffensive Attacker who overpowers his enemies with debilitating effects.Light SideAttackerResistanceN/A
57%
Plo KoonJedi Tank with Clone synergy, reliable enemy Dispel and anti-Stealth.Light SideTankGalactic Republic / JediLeader
56%
Aayla SecuraVersatile attacker with high survivability through Dodge, Hitpoints, and self healing.Light SideSupportGalactic Republic / JediLeader
55%
ChopperSurly Phoenix Support who Taunts and Dispels, and can recover Phoenix cooldowns.Light SideSupportDroid / Phoenix / RebelN.A.
55%
Hera SyndullaCunning Phoenix Support that allows Phoenix allies to share their Unique abilities with each other.Light SideSupportPhoenix / RebelLeader
55%
Kit FistoVersatile Jedi Attacker with multi-attack, Counter Chance, and a variety of ally buffs.Light SideAttackerGalactic Republic / JediLeader
55%
WicketJittery Ewok Attacker with Critical Hit and Stealth synergies.Light SideAttackerEwokN/A
55%
Darth SidiousBrutal Attacker effective against Healers and Jedi while boosting allied Criticals as a Leader.Dark SideAttackerSithLeader
53%
First Order StormtrooperFirst Order tank that uses Advantage to disrupt enemies.Dark SideTankFirst OrderN.A.
53%
Grand Admiral ThrawnCalculating Empire Leader who can halt enemies in their tracks, and grants Empire allies a new Special ability.Dark SideSupportEmpireFleet Commander / Leader
53%
IG-88Droid Attacker with debuffs and a damage bonus against debuffed enemies.Dark SideAttackerBounty Hunter / Droid / ScoundrelLeader
53%
Ki-Adi-MundiFormidable Jedi Master who shifts between Ataru and Makashi lightsaber forms.Light SideAttackerGalactic Republic / JediN/A
53%
Cassian AndorRebel Support who buffs allies at the start of battle and debuffs enemies during battle.Light SideSupportRebel / Rogue OneN.A.
52%
OmegaClever and empathetic attacker who utilizes buffs, debuffs, and the presence of her Bad Batch allies to take out her foes.Light SideAttackerBad Batch / Clone Trooper / Galactic RepublicN/A
52%
Qui-Gon JinnVersatile attacker focused on generating extra attacks.Light SideSupportGalactic Republic / JediLeader
52%
MaulUnrelenting attacker that uses his anguish to crush his foes.Dark SideAttackerMandalorian / Unaligned Force UserLeader
51%
StormtrooperEmpire Tank that can Taunt and surprise enemies with unpredictable damage.Dark SideTankEmpire / Imperial Remnant / Imperial TrooperN/A
51%
Garazeb "Zeb" OrreliosVersatile Phoenix Tank with wide variety of effects for allies or enemies with or without debuffs.Light SideTankPhoenix / RebelN.A.
49%
Jyn ErsoOffensive Rebel Leader who gains Advantage, Stuns enemies, revives Rebel allies and grants them Potency Up.Light SideAttackerRebel / Rogue OneLeader
49%
Padmé AmidalaCourageous leader who continuously helps her allies and adapts to any circumstance.Light SideSupportGalactic RepublicLeader
49%
Admiral PiettAn ambitious Imperial Officer who supports his allies while plotting their demise.Dark SideSupportEmpire / Imperial TrooperLeader
48%
Cad BaneBounty Hunter Support with a powerful Stun and bonuses against Jedi characters.Dark SideSupportBounty Hunter / ScoundrelLeader
48%
Jedi Knight RevanFabled Jedi leader who controls the battle with a wide mix of powerful abilities.Light SideAttackerJedi / Old RepublicLeader
48%
B2 Super Battle DroidDroid Tank that relentlessly punishes enemies that evade attacks or damage allies.Dark SideTankDroid / SeparatistN.A.
47%
Captain PhasmaHigh-damage First Order support that can grant allies many extra attacks.Dark SideSupportFirst OrderLeader
47%
Darth NihilusSith Support that can instantly defeat enemies by draining cooldowns.Dark SideSupportSithLeader
47%
K-2SORebel Tank who Taunts and Counter Attacks.Light SideTankDroid / Rebel / Rogue OneN/A
47%
The MandalorianPowerful Mandalorian bounty hunter who relies on critical hits to overwhelm his enemiesLight SideAttackerBounty Hunter / Mandalorian / ScoundrelLeader
47%
JawaAttacker effective against debuffed enemies as well as Droids.Light SideAttackerJawaN.A.
45%
Mother TalzinVicious Nightsister Leader who inflicts Plague, preventing enemies from Dispelling debuffs.Dark SideSupportNightsisterLeader
45%
Amilyn HoldoSeasoned Resistance Tank with powerful ally support and enemy debuffs.Light SideTankResistanceN.A.
44%
Barriss OffeeJedi Healer that can balance party Health and Dispel allied Jedi frequently.Light SideHealerGalactic Republic / JediLeader
44%
Bastila Shan (Fallen)Strong Sith Support who inflicts a large number of debuffs including Shock, Fear, and Corrupted Battle Meditation.Dark SideSupportSith / Sith EmpireN.A.
44%
Sabine WrenAggressive Phoenix Attacker that permanently strips Defense and punishes slower enemies.Light SideAttackerMandalorian / Phoenix / RebelN/A
44%
Bastila ShanStrong Jedi Support that grants allies an overwhelming first turn with her Leader ability.Light SideSupportJedi / Old RepublicLeader
43%
Darth SionAggressive Sith tank that becomes stronger with Hatred.Dark SideTankSithN.A.
43%
DroidekaDestructive Droid attacker that punishes fast enemies from behind its deflector shield.Dark SideAttackerDroid / SeparatistN.A.
43%
Nute GunraySeparatist Support who specializes in sabotaging enemy strategies.Dark SideSupportScoundrel / SeparatistLeader
43%
Seventh SisterInquisitorius Healer that helps her squad eliminate the Jedi.Dark SideHealerEmpire / Inquisitorius / Unaligned Force UserLeader
43%
DengarAdaptable Scoundrel attacker that Stuns and inflicts Tenacity Down.Dark SideAttackerBounty Hunter / ScoundrelLeader
42%
Fifth BrotherA powerful Inquisitor that specializes in supporting the purge of all Jedi by applying devastating debuffs.Dark SideSupportEmpire / Inquisitorius / Unaligned Force UserLeader
42%
Luminara UnduliVersatile attacker with ability block and powerful party heal.Light SideHealerGalactic Republic / JediLeader
42%
Aurra SingDeadly Bounty Hunter that has increased damage while Stealthed.Dark SideAttackerBounty Hunter / ScoundrelLeader
40%
General VeersAggressive Empire Support that becomes stronger as enemies are defeated.Dark SideSupportEmpire / Imperial TrooperLeader
40%
ARC TrooperPowerful Clone Attacker that can command a Blaster Turret on the battlefield.Light SideAttacker501st / Clone Trooper / Galactic RepublicN.A.
39%
Baze MalbusFearsome Rebel Tank who Taunts, dispels buffs, and inflicts debuffs.Light SideTankRebel / Rogue OneN.A.
39%
Darth TrayaSith support who punishes enemies for relying on others.Dark SideSupportSithLeader
39%
GreedoDeadly Attacker that gains extra attacks from Critical Hits.Dark SideAttackerBounty Hunter / ScoundrelLeader
39%
Second SisterRuthless Inquisitor Attacker that specializes in eliminating Jedi.Dark SideAttackerEmpire / Inquisitorius / Unaligned Force UserLeader
39%
Shaak TiInspiring Jedi Leader with heightened reflexes.Light SideSupportGalactic Republic / JediLeader
39%
Chief ChirpaEwok Leader that greatly improves ally Basic abilities.Light SideSupportEwokLeader
38%
Rose TicoA brave Resistance Attacker who can Stun and grant allies buffs.Light SideAttackerResistanceN/A
38%
Chirrut ÎmweBalanced Rebel Attacker who dispels debuffs, heals allies, and grants Tenacity Up.Light SideAttackerRebel / Rogue OneN.A.
36%
Mon MothmaRebel Leader who supports and rallies her allies.Light SideSupportRebelLeader
36%
Tusken RaiderDurable Attacker with Tusken Synergy and a strong Assist attack.Dark SideAttackerTuskenN/A
36%
WampaFearsome predator from Hoth that attacks constantly with increasing strength.Dark SideAttackerN/AN/A
36%
Darth MalakBrutal Sith Tank who terrorizes and drains enemies to stay alive.Dark SideTankSith / Sith EmpireN.A.
35%
Moff GideonEmpire Leader that can lead a fireteam into battle and punish enemies with the Leader tag.Dark SideSupportEmpire / Imperial Remnant / Imperial TrooperLeader
35%
EmboDeadly Bounty Hunter Attacker that consumes his Protection to boost his damage.Dark SideAttackerBounty Hunter / ScoundrelLeader
34%
Greef KargaBounty Hunter Support that provides recovery and assist calls.Light SideSupportBounty Hunter / ScoundrelLeader
34%
Ninth SisterA ruthless member of the feared Inquisitorius who will stop at nothing in her hunt for the Jedi.Dark SideTankEmpire / Inquisitorius / Unaligned Force UserN/A
34%
Old DakaDefensive Nightsister Healer who Stuns and Revives.Dark SideHealerNightsisterLeader
34%
TaliaAggressive Healer that sacrifices Health so allies can recover Health and Turn Meter.Dark SideHealerNightsisterLeader
34%
TeeboEwok stealth character with stealth synergies and some control ability.Light SideTankEwokLeader
34%
Bodhi RookClever Rebel Support who spots enemy units for his allies.Light SideSupportRebel / Rogue OneN.A.
32%
Darth MalgusLegendary Sith Lord who causes doubt among his foes and heralds the return of the Sith Empire.Dark SideTankSith / Sith EmpireLeader
32%
Death TrooperTerrifying Empire Attacker who inflicts debilitating debuffs and prevents revives.Dark SideAttackerEmpire / Imperial Remnant / Imperial TrooperN.A.
32%
Eeth KothStunning Jedi Support extremely effective against Droids.Light SideSupportGalactic Republic / JediLeader
32%
Ewok ElderEwok Healer that specializes in Revives.Light SideHealerEwokN.A.
32%
IG-11Versatile Healer with strong Scoundrel and Droid synergies.Light SideHealerDroid / ScoundrelN/A
32%
Savage OpressDurable Attacker that crushes low-health units and becomes stronger when attacked.Dark SideAttackerSithLeader
32%
Bo-Katan KryzeA Mandalorian leader that unites fellow Mandalorians and rallies them to assist.Light SideAttackerMandalorian / ScoundrelLeader
31%
Poggle the LesserSupport for Geonosian and Separatist allies, with strong offensive synergies.Dark SideSupportGeonosian / SeparatistLeader
31%
Cara DuneA Scoundrel/Rebel Tank who gains benefits when being led by either.Light SideTankRebel / ScoundrelN.A.
30%
Ewok ScoutPowerful single-target Attacker that becomes evasive with Ewok allies.Light SideAttackerEwokN.A.
30%
Sun FacGeonosian Tank who punishes attackers with a variety of negative effects.Dark SideTankGeonosian / SeparatistN/A
30%
Biggs DarklighterRebel Support with Critical Hit synergies who calls Assists.Light SideSupportRebelN.A.
29%
BistanWild Rebel Attacker who gains Frenzy, debuffs enemies, and removes Turn Meter.Light SideAttackerRebel / Rogue OneN.A.
29%
Eighth BrotherA stealthy member of the Inquisitorious with an arsenal of tricks and weapons to surprise his opponent.Dark SideAttackerEmpire / Inquisitorius / Unaligned Force UserLeader
29%
Geonosian SoldierAggressive Attacker who calls assists and grants powerful offensive bonuses to Geonosian allies.Dark SideAttackerGeonosian / SeparatistN.A.
29%
Geonosian SpyStealthy Geonosian Attacker who Exposes enemies and has high damage potential.Dark SideAttackerGeonosian / SeparatistN.A.
29%
IG-100 Magna GuardDisruptive Droid Tank that Taunts and takes an extra turn before it is defeated.Dark SideTankDroid / SeparatistN.A.
29%
Wat TamborSeparatist Support who distributes powerful Tech to his allies.Dark SideSupportSeparatistN/A
29%
Dark TrooperAn Imperial Remnant attacker whose abilities are modified by the amount in the squad.Dark SideAttackerDroid / Empire / Imperial Remnant / Imperial TrooperN/A
27%
LograySage Ewok Support who can Daze enemies and grant Ewok allies many buffs.Light SideSupportEwokN/A
27%
PaplooResourceful Ewok Tank with assist and buff synergies.Light SideTankEwokN/A
27%
SnowtrooperEmpire Attacker that becomes faster and stronger as enemies are defeated.Dark SideAttackerEmpire / Imperial TrooperN/A
27%
Director KrennicIntimidating Empire Support who inflicts devastating debuffs and slows enemies.Dark SideSupportEmpireLeader
26%
Clone Sergeant - Phase IClone Attacker with AoE damage and Turn Meter Reduction.Light SideAttackerClone Trooper / Galactic RepublicN.A.
25%
First Order OfficerFirst Order support that grants Advantage and can manipulate both ally and enemy Turn Meters.Dark SideSupportFirst OrderN.A.
25%
Gar SaxonLeader who grants Empire allies Counter Chance and Assists them when they Counter Attack.Dark SideTankEmpire / MandalorianLeader
25%
HK-47Offensive Attacker with powerful Darth Revan synergy.Dark SideAttackerDroid / Sith EmpireLeader
25%
Mara Jade, the Emperor's HandDark Side force user Attacker who uses her allies to boost her own power and supports Emperor Palpatine.Dark SideAttackerEmpire / Unaligned Force UserN/A
25%
Nightsister ZombieVile Nightsister Tank who inflicts Tenacity Down and can't be stopped from reviving endlessly.Dark SideTankNightsisterN/A
25%
Royal GuardVersatile Empire Tank that punishes enemies for attacking other allies.Dark SideTankEmpireN/A
25%
Sith TrooperElite trooper with powerful First Order and Sith synergy and high damage potential.Dark SideAttackerFirst Order / SithN/A
25%
StarkillerA powerful Dark Side Force User whose inner conflict lifts up other Force Users.Dark SideAttackerUnaligned Force UserN/A
25%
Wedge AntillesRebel Attacker with a strong offensive opening.Light SideAttackerRebelLeader
25%
Canderous OrdoPowerful attacker who can make short work of enemy Tanks.Dark SideAttackerMandalorian / Old Republic / ScoundrelN.A.
23%
First Order SF TIE PilotSubversive First Order Attacker who buffs allies and disrupts enemies.Dark SideAttackerFirst OrderN.A.
23%
IG-86 Sentinel DroidDroid Attacker with a powerful Droid Assist and devastating Criticals.Dark SideAttackerDroidN.A.
23%
MagmatrooperResilient Attacker that recovers quickly from debuffs and deals potent AoE damage.Dark SideAttackerEmpire / Imperial TrooperN/A
23%
50R-TA highly intelligent Droid who can quickly calculate the odds and determine how to defy them.Light SideSupportDroid / Old RepublicLeader
22%
Colonel StarckOffensive Support who provides critical buffs and removes enemy Turn Meter.Dark SideSupportEmpire / Imperial TrooperN.A.
22%
Darth TalonNimble Sith attacker whose loyalty and lethality is without question.Dark SideAttackerSithN/A
22%
Qi'raHigh-utility Support that uses Prepared, debuffs, and an adaptable Leader ability to overwhelm enemies.Light SideSupportScoundrel / SmugglerLeader
22%
Sith AssassinElusive Sith Attacker with Stealth synergy.Dark SideAttackerSith / Sith EmpireN/A
22%
Chief NebitCunning Jawa Tank with Stealth synergies who can reduce cooldowns.Light SideTankJawaLeader
21%
First Order ExecutionerMerciless First Order Attacker who executes powerful attacks.Dark SideAttackerFirst OrderN.A.
21%
Jawa EngineerHigh-speed Jawa Healer with a Critical Chance buff and both Jawa and Droid synergy.Light SideHealerJawaN.A.
21%
Jedi ConsularWell-rounded Jedi Healer with a mix of offense and defense.Light SideHealerGalactic Republic / JediN.A.
21%
L3-37Droid Tank that can dispel allies and has multiple ways to increase her stats permanently.Light SideTankDroid / Scoundrel / SmugglerN/A
21%
ShoretrooperEmpire Tank who enters battle with Taunt, heals allies, and grants them Critical Hit Immunity.Dark SideTankEmpire / Imperial TrooperN/A
21%
Carth OnasiOld Republic soldier that excels at clearing waves of enemies.Light SideAttackerOld RepublicLeader
19%
Coruscant Underworld PoliceSupport that shuts down enemies with Stuns and Offense Down.Light SideSupportGalactic RepublicN.A.
19%
First Order TIE FighterFirst Order attacker that can deal extreme damage in a single turn with Advantage.Dark SideAttackerFirst OrderN.A.
19%
Jolee BindoPotent Jedi Healer with high durability and resistance to disruption.Light SideHealerJedi / Old RepublicN/A
19%
Mission VaoSlippery Scoundrel Attacker who blinds her enemies.Light SideAttackerOld Republic / ScoundrelN/A
19%
Nightsister AcolyteStealth attacker with some enemy debuffing and self healing ability.Dark SideAttackerNightsisterN/A
19%
PaoUnrelenting Rebel Attacker with a mighty battle cry.Light SideAttackerRebel / Rogue OneN/A
19%
ZaalbarVersatile Scoundrel Tank with a powerful AoE attack and reactive Taunt.Light SideTankOld Republic / ScoundrelN/A
19%
Zam WesellLightning fast Scoundrel attacker that inflicts Evasion Down and detonates bombs.Dark SideAttackerBounty Hunter / ScoundrelLeader
19%
Boba Fett, Scion of JangoInfamous Bounty Hunter Attacker with a variety of debuffs and synergy with both Bounty Hunters and Scoundrels.Dark SideAttackerBounty Hunter / ScoundrelLeader
18%
Fennec ShandLethal Bounty Hunter capable of taking on the most dangerous foes.Dark SideAttackerBounty Hunter / ScoundrelLeader
18%
Geonosian Brood AlphaGeonosian Support that swarms enemies with summoned allies and Hive Mind.Dark SideSupportGeonosian / SeparatistLeader
18%
Iden VersioTenacious Empire Attacker who expertly takes out foes while supporting her squad.Dark SideAttackerEmpire / Imperial TrooperN/A
18%
KuiilA supportive mechanic who aids Droids and Scoundrels.Light SideSupportScoundrelN/A
18%
Kyle KatarnA Force-sensitive Rebel operative and Jedi Knight.Light SideAttackerJedi / Rebel / Rebel FighterN/A
18%
Lord VaderLegendary Sith Lord who utilizes the actions of others to empower his own potential and is not to be underestimated.Dark SideAttackerEmpire / SithGalactic Legend / Leader
18%
The ArmorerA Mandalorian leader and support unit that collects beskar to buff her team and rally them.Light SideSupportMandalorianLeader
18%
Imperial Probe DroidImperial Droid who reveals and tracks enemies with Target Lock.Dark SideSupportEmpire / DroidN.A.
17%
Jawa ScavengerVersatile Jawa Support who can detonate Thermal Detonators to inflict a large variety of status effects.Light SideSupportJawaN.A.
17%
JuhaniUnique Jedi Tank who dispels debuffs from Old Republic allies and becomes more dangerous below full Health.Light SideTankJedi / Old RepublicN/A
17%
LobotRebel Support that can reliably inflict Defense Down, clear allied debuffs, and speed up allied Droids.Light SideSupportRebelLeader
17%
Resistance PilotResistance attacker that can use Expose, Foresight, and Turn Meter gains to surprise enemies.Light SideAttackerResistanceN/A
17%
Sith MarauderDestructive Sith Attacker that takes advantage of all buffs and debuffs in battle.Dark SideAttackerSith / Sith EmpireN/A
17%
T3-M4Offensive Droid who supports a Droid team with extra stats and debuffs the enemy team.Light SideSupportDroid / Old RepublicN/A
17%
Dash RendarCharismatic Scoundrel Leader who gives Scoundrel allies Prepared.Light SideSupportScoundrel / SmugglerLeader
16%
Gamorrean GuardAggressive tank that Taunts and Counters with multiple Damage Over Time effects.Dark SideTankScoundrelN.A.
16%
Ima-Gun DiSupportive Tank that boost ally defense and grants Jedi allies Counter Chance.Light SideSupportGalactic Republic / JediLeader
14%
Range TrooperAggressive Empire Support that provides other Imperial Trooper allies with Assist chance.Dark SideSupportEmpire / Imperial TrooperN/A
14%
Tusken ShamanOffensive Healer that can also boost Offense and rapidly stack Damage Over Time effects.Dark SideHealerTuskenN/A
14%
UgnaughtAnti-Droid Support with AoE damage and high Evasion against Droids.Light SideSupportN/AN/A
14%
Clone Wars ChewbaccaDurable Tank with both Taunt and self-Healing.Light SideTankGalactic Republic / ScoundrelLeader
13%
Commander Ahsoka TanoLegendary Master of Jar'Kai and Shien form Attacker, who deals high damage to a single target.Light SideAttackerGalactic Republic / Scoundrel / Unaligned Force UserN/A
13%
DathchaVersatile Support able to Ability Block and Stealth, effective against Droids or with Jawas.Light SideSupportJawaLeader
13%
Nightsister InitiateCritical-focused Attacker that can render enemies immune to buffs.Dark SideAttackerNightsisterN/A
13%
Nightsister SpiritVeiled Nightsister Attacker who Dispels, Stuns, and gains Foresight.Dark SideAttackerNightsisterN/A
13%
Scarif Rebel PathfinderSteadfast Rebel Tank who debuffs, Taunts, and self-revives.Light SideTankRebel / Rogue OneN/A
13%
Visas MarrOffensive Healer with strong anti-Sith synergy.Light SideHealerUnaligned Force UserN/A
13%
Jedi Knight GuardianTenacious Jedi tank with crippling debuffs and natural recovery at low Health.Light SideTankGalactic Republic / JediN.A.
12%
Mob EnforcerScoundrel Tank with enemy debuff ability and a thermal detonator.Dark SideTankScoundrelN/A
10%
Resistance TrooperOpportunistic Resistance attacker that can deal heavy damage to debuffed enemies.Light SideAttackerResistanceN/A
10%
Sith Empire TrooperSith Tank who Taunts and ignores enemy Protection.Dark SideTankSith / Sith EmpireN/A
10%
The Mandalorian (Beskar Armor)Fearless Scoundrel leader who hunts down enemies to protect his allies.Light SideAttackerMandalorian / ScoundrelLeader
10%
Enfys NestPowerhouse attacker that stacks Protection when attacked, then dismantles enemy defenses with Dispels and Turn Meter manipulation.Light SideAttackerScoundrel / SmugglerN.A.
9%
Hoth Rebel ScoutSingle target attacker with crit synergies and speed building abilities.Light SideAttackerRebelN.A.
9%
TIE Fighter PilotEmpire Attacker who inflicts Buff Immunity and gains Foresight.Dark SideAttackerEmpireN/A
9%
Hoth Rebel SoldierSupport character that debuffs, taunts, and defensively buffs, with Rebel and anti-Empire synergies.Light SideSupportRebelN.A.
8%
Imperial Super CommandoAn Empire Attacker with counter mechanics who dispels buffs and applies buff immunity.Dark SideAttackerEmpire / MandalorianN.A.
8%
URoRRuR'R'RTusken Support that can Stun frequently and speed up Tuskens for surprise attacks.Dark SideSupportTuskenLeader
8%
Jedi Master KenobiRenowned Jedi Master that provides damage and support through a diverse set of abilities.Light SideAttackerGalactic Republic / JediGalactic Legend / Leader
6%

Score Distribution

Percentile by Number Answered

Percent of People with Each Score

Your Score History

You have not taken this quiz since the last reset